00675nab a2200205 uc450000100070000000500170000700800410002403500110006503500210007604000130009704100080011010000340011824500400015265000240019265000240021665000160024065000400025665000510029677301220034782691620240201185610.0030617e20010205 spa  a826916 a(OCoLC)820030943 ccomduadb aspa10aDavid Gomez, Leonel4auteaut10aComo conectar su empresa a internet aInternet y comercio aMercados - Colombia aBanda ancha aRed Digital de Servicios Integrados aADSL (Línea digital asimétrica de abonado)0 tIntercambio : La Revista de Internet (Bogotá)gNúmero 04, Febrero-Marzo 2001, p. 56-58w640634x0124-99910166898